000 00291nam a22001337a 4500
008 170811b xxu||||| |||| 00| 0 eng d
020 _a9780132729154
041 _aeng
080 _26TH
_a51
100 _a36
101 _aMAT
245 _aOPERATIONS RESEARCH
_cTAHA,H.A
942 _2udc
_cBK
999 _c23215
_d23215